000 00965nam a2200265Ia 4500
003 OSt
005 20221005112720.0
006 a|||||r|||| 00| 0
007 ta
008 221004b |||||||| |||| 00| 0 pan d
020 _a9788182991019 (hbk)
_cINR 275.00
024 _a38704
037 _b1020, 30/01/2018, H.K. Prakashan
_cTextual
040 _aCRL
_cCRL
_bpan
041 _2pan
_apan
082 _aO153,6x, Q7
100 _aਨਰੂਲਾ, ਤਰਸੇਮ, ਂਚ.
245 0 _aਹੋਣਹਾਰ ਬਿਰਵਾਨ ਦੇ ਚਿਕਣੇ ਚਿਕਣੇ ਪੱਤ
260 _aਦਿੱਲੀ
_bਆਰਸੀ ਪਬਲਿFਰਗ਼ ਭਾਰਤ
_c2017
300 _a150ਪ0
_ccm.
650 _a ਪੰਜਾਬੀ ਨਿਬੰਧ
650 _aਪੰਜਾਾਬੀ ਸਾਹਿਤ
942 _hO153,6x, Q7
_cTEXL
_2cc
999 _c1025752
_d1025752